00709nam a2200193Ia 4500003000900000008004100009020001800050040001600068080003300084100002000117245012300137260003300260300001300293650004700306650004100353942000700394999001500401952009900416IN-BaIIA211028s9999 xx 000 0 eng d a3-540-51164-4 cIIA Library a048.1:52 b88-46.2 aEsser, U.99455 0aAstronomy and astrophysics abstractsbvol .46, pt.1, 1988cU. Esser  aBerlinbLange Springerc1989 ax,1298p. aAbstracts-Astronomy and Astrophysics96051 aAstronomy and Astrophysics Thesaurus cBK c9577d9577 00104070aBANbKAVcGENd0000-00-00l0o048.1:52 /88-46.2p10487r2021-11-05w0000-00-00yBK